Maggior numero di Vittorie al Gran Premio di Francia - Statistics

Statistiche generali
  • Questo quiz è stato fatto 4 volte
  • Il punteggio medio è 8 su 14
Statistiche sulle risposte
Numero vittorie Stagioni delle vittorie Pilota % Corretto
2 2018, 2019 Lewis Hamilton
100%
2 2021, 2022 Max Verstappen
100%
8 1994, 1995, 1997, 1998, 2001, 2002, 2004, 2006 Michael Schumacher
100%
2 1975, 1984 Niki Lauda
100%
6 1981, 1983, 1988, 1989, 1990, 1993 Alain Prost
75%
3 1969, 1971, 1972 Jackie Stewart
75%
4 1950, 1951[3], 1954, 1957 Juan Manuel Fangio
75%
4 1986, 1987, 1991, 1992 Nigel Mansell
75%
2 1963, 1965 Jim Clark
50%
2 1962, 1964 Dan Gurney
0%
3 1960, 1966, 1967 Jack Brabham
0%
2 1977, 1978 Mario Andretti
0%
2 1953, 1958 Mike Hawthorn
0%
2 1973, 1974 Ronnie Peterson
0%
Nessun quiz corrispondente trovato
Distribuzione punteggi
Percentuale di utenti per punteggio
Percentile per numero di risposta
I tuoi punteggi nel tempo
Non hai fatto questo quiz